000 00843nac a22002171u 4500
010 _a 98043126
020 _a025625348X
020 _a0071160906
082 0 0 _a005.1/2
_bB1518
090 _c437
_d437
100 _aBahrami, Ali.
245 1 0 _aObject oriented systems development /
_cAli Bahrami.
260 _aBoston :
_bIrwin/McGraw-Hill,
_cc1999.
300 _a411 p. :
_bill. ;
_c25 cm.
650 0 _aSystem design.
650 0 _aObject-oriented programming (Computer science)
856 4 2 _3Publisher description
_uhttp://www.loc.gov/catdir/description/mh023/98043126.html
856 4 2 _3Table of contents
_uhttp://www.loc.gov/catdir/toc/mh022/98043126.html
942 _cBB
_k005.12B1518
999 _c437
_d437